Population dynamics (Record no. 27074)

MARC details
000 -LEADER
fixed length control field 00419nam a2200157Ia 4500
082 ## - DEWEY DECIMAL CLASSIFICATION NUMBER
Classification number 581.5
Item number SOL
100 ## - MAIN ENTRY--AUTHOR NAME
Personal name SOLOMON, Maurice E
245 #0 - TITLE STATEMENT
Title Population dynamics
250 ## - EDITION STATEMENT
Edition statement Ed.2
260 ## - PUBLICATION, DISTRIBUTION, ETC. (IMPRINT)
Place of publication London
Name of publisher Edward Arnold
Year of publication 1969
490 ## - SERIES STATEMENT
Series statement The institute of biology's studies in biology; no. 18
650 ## - SUBJECT ADDED ENTRY--TOPICAL TERM
Topical Term Ecology
650 ## - SUBJECT ADDED ENTRY--TOPICAL TERM
Topical Term Population ecology
942 ## - ADDED ENTRY ELEMENTS (KOHA)
Koha item type Books
Holdings
Withdrawn status Lost status Damaged status Not for loan Home library Current library Date acquired Full call number Accession Number Koha item type
        RRII Library RRII Library 16/12/2021 581.5 SOL 07705 Books